000 00305 a2200145 4500
001 155393
040 _cEscola São Tomás de Aquino
100 _aPALMA, Candida
240 1 0 _aHeads up!
_lpor
245 1 0 _aHeads up!
362 0 _a2013
440 1 _aSaraiva
697 _aLíngua inglesa
942 _cBK
999 _c155393
_d155393